Dviženije kosmičeskich letateľnych apparatov v atmosferach planet /

Gespeichert in:
Bibliographische Detailangaben
Hauptverfasser: Ivanov, Nikolaj M (Verfasst von), Martynov, A.I (Verfasst von)
Format: Buch
Sprache:Russisch
Veröffentlicht: Moskva : Nauka, 1985
Schlagworte:
Tags: Tag hinzufügen
Keine Tags, Fügen Sie das erste Tag hinzu!

MARC

LEADER 00000nam a22000003a 4500
001 stu37261
005 20150617225728.2
008 920707s1985----xxr-----------------rus-d
040 |a STU  |b slo 
041 0 |a rus 
044 |a xxr 
080 |a 629.787 
100 1 |a Ivanov, Nikolaj M  |4 aut 
245 1 |a Dviženije kosmičeskich letateľnych apparatov v atmosferach planet /  |c [aut.]Nikolaj M. Ivanov, A.I. Martynov 
260 |a Moskva :  |b Nauka,  |c 1985 
300 |a 383 s 
650 7 |a technika  |2 stusub 
650 7 |a lety kozmické  |2 stusub 
650 7 |a Technika kozmická  |2 stusub 
700 1 |a Martynov, A.I  |4 aut 
996 |b 284M054601  |c M*1863-1  |l MMKN  |s A  |a 24  |w stu37261_0001